|
|
|
|
| LEADER |
00891cam a2200241 7i4500 |
| 001 |
0000068101 |
| 005 |
20220427090000.0 |
| 020 |
|
|
|a 9781118345092
|
| 090 |
0 |
0 |
|a SF772.6
|b .C55 2015
|
| 245 |
0 |
0 |
|a Clinical pathology and laboratory techniques for veterinary technicians
|c edited by Anne M. Barger and Amy L. MacNeill.
|
| 264 |
|
|
|a Ames, Iowa:
|b Wiley-Blackwell,
|c 2015.
|
| 300 |
|
|
|a 1 online resource (xiii, 264 pages):
|b text file, PDF.
|
| 336 |
|
|
|a text
|2 rdacontent
|
| 337 |
|
|
|a computer
|2 rdamedia
|
| 338 |
|
|
|a online resource
|2 rdacarrier
|
| 650 |
0 |
0 |
|a Veterinary clinical pathology
|
| 655 |
0 |
0 |
|a Electronic books
|
| 700 |
1 |
|
|a Barger, Anne M.
|
| 700 |
1 |
|
|a MacNeill, Amy L.
|
| 856 |
4 |
2 |
|u http://library.unisel.edu.my/web/guest/mylibrary
|
| 997 |
|
|
|a Health Sciences, Faculty
|
| 998 |
|
|
|a Medical Laboratory Technology, Diploma
|
| 999 |
|
|
|a EBO0012356
|b EBOOK
|c EBOOK
|e Electronic resources
|